Loading...
Fine Arts - Classical Music | 8 | 10.00 | 88% | 13% | 0% |
Fine Arts - Other Fine Arts | 8 | 20.00 | 100% | 63% | 38% |
Fine Arts - Painting & Sculpture | 8 | 20.00 | 100% | 88% | 13% |
History - American History | 9 | 12.22 | 100% | 11% | 11% |
History - European History | 6 | 21.67 | 100% | 83% | 33% |
History - Other History | 8 | 17.50 | 100% | 50% | 25% |
History - World History | 8 | 17.50 | 100% | 75% | 0% |
Literature - American Literature | 8 | 18.75 | 100% | 75% | 13% |
Literature - British Literature | 11 | 21.82 | 100% | 82% | 36% |
Literature - European Literature | 8 | 21.25 | 100% | 88% | 25% |
Literature - World Literature | 9 | 24.44 | 100% | 100% | 44% |
Mythology | 8 | 18.75 | 75% | 75% | 38% |
Other | 6 | 15.00 | 83% | 50% | 17% |
Philosophy | 9 | 18.89 | 89% | 89% | 11% |
Religion | 8 | 17.50 | 88% | 63% | 25% |
Science - Biology | 9 | 15.56 | 100% | 22% | 33% |
Science - Chemistry | 8 | 18.75 | 88% | 88% | 13% |
Science - Other Science | 8 | 21.25 | 100% | 88% | 25% |
Science - Physics | 8 | 26.25 | 100% | 100% | 63% |
Social Science | 8 | 12.50 | 100% | 25% | 0% |